Elementos del derecho civil y penal de España (Record no. 154435)

MARC details
000 -LEADER
campo de control de longitud fija 00985nam a22002295i 4500
001 - NÚMERO DE CONTROL
campo de control 154435
003 - IDENTIFICADOR DE NÚMERO DE CONTROL
campo de control ES-MaACL
005 - FECHA Y HORA DE LA ÚLTIMA TRANSACCIÓN
campo de control 20250809035226.0
008 - DATOS DE LONGITUD FIJA--INFORMACIÓN GENERAL
campo de control de longitud fija 961110m18401842sp |||| | spa d
040 ## - FUENTE DE CATALOGACIÓN
Centro catalogador/agencia de origen CLM
Lengua de catalogación spa
Centro/agencia transcriptor CCPB | SIC
100 ## - ENTRADA PRINCIPAL--NOMBRE DE PERSONA
Nombre de persona Gómez de la Serna, Pedro,
Fechas asociadas al nombre 1806-1871
9 (RLIN) 222227
245 10 - MENCIÓN DEL TÍTULO
Título Elementos del derecho civil y penal de España
Resto del título : precedidos de una reseña historica de la legislación española /
Mención de responsabilidad, etc. por Pedro Gomez de la Serna, y Juan Manuel Montalban.
260 ## - PUBLICACIÓN, DISTRIBUCIÓN, ETC.
Lugar de publicación, distribución, etc. Madrid :
Nombre del editor, distribuidor, etc. [s.n.],
Fecha de publicación, distribución, etc. 1840-1842 (
Fabricante Establecimiento Tipográfico)
300 ## - DESCRIPCIÓN FÍSICA
Extensión 3 v. (96, 252 ; 338 ; 258 p.) ;
Dimensiones 19 cm.
596 #1 - NOTA AL PIE DE IMPRENTA
NOTA AL PIE DE IMPRENTA El t. III es la imprenta de Vicente de Lalama.
650 #4 - PUNTO DE ACCESO ADICIONAL DE MATERIA--TÉRMINO DE MATERIA
Término de materia o nombre geográfico como elemento de entrada Derecho civil-
Subdivisión geográfica España
9 (RLIN) 11659
650 #4 - PUNTO DE ACCESO ADICIONAL DE MATERIA--TÉRMINO DE MATERIA
Término de materia o nombre geográfico como elemento de entrada Derecho penal-
Subdivisión geográfica España
9 (RLIN) 11752
700 11 - ENTRADA AGREGADA--NOMBRE PERSONAL
Nombre de persona Montalbán, Juan Manuel,
Fechas asociadas al nombre 1806-1889
9 (RLIN) 82337
752 ## - ENTRADA AGREGADA--NOMBRE JERÁRQUICO DEL LUGAR
País o entidad superior España -
Ciudad Madrid
852 ## - LOCALIZACIÓN
Ubicación ES-MaACL
Número de control de estantería Z-34-36
Nota libre -- Enc. pasta española
Encuadernación Olim: C-3518-20
Holdings
Estatus retirado Estado de pérdida Estado de daño No para préstamo Colección Biblioteca de origen Biblioteca actual Ubicación en estantería Fecha de adquisición Total de préstamos Signatura topográfica completa Código de barras Visto por última vez Precio de reemplazo Tipo de ítem Koha
        Libros del s. XIX Biblioteca del Ateneo de Madrid Biblioteca del Ateneo de Madrid Depósito 17/01/2008   Z-34-36 1161506 23/02/2023 23/02/2023 Libro impreso antiguo